[Event "Fide Open"]
[Site "?"]
[Date "2017.06.20"]
[Round "9.13"]
[White "Geranichev, Mikhail"]
[Black "Nakonechny, Ignat"]
[Result "0-1"]
[WhiteElo "2076"]
[BlackElo "1893"]
[Annotator ""]
[Source ""]
[Remark ""]

1.Nf3 Nf6 2.g3 g6 3.Bg2 Bg7 4.d3 d6 5.O-O O-O 6.e4 c6 7.Nbd2
e5 8.Nc4 Qc7 9.b3 b5 10.Ne3 Bb7 11.a4 a6 12.Bb2 Nbd7 13.Nh4 d5
14.Qe2 Rfe8 15.a5 d4 16.Ng4 Nxg4 17.Qxg4 c5 18.f4 exf4 19.gxf4
Nf6 20.Qf3 Nh5 21.Bc1 Rad8 22.Bh3 f5 23.Nxf5 gxf5 24.Qxh5 fxe4
25.Bf5 Bf6 26.Bxe4 Bxe4 27.dxe4 Rxe4 28.Bd2 Kh8 29.Kh1 Rde8 30.Rf2
Qb7 31.Qf3 Qe7 32.Rg1 Re2 33.Rxe2 Qxe2 34.Qxe2 Rxe2 35.Rg2 Re8
36.Kg1 c4 37.bxc4 bxc4 38.Kf1 Rb8 39.Be1 Rb1 40.Ke2 d3+ 41.cxd3
cxd3+ 42.Kxd3 Rxe1 0-1

[Event "Fide Open"]
[Site "?"]
[Date "2017.06.20"]
[Round "9.14"]
[White "Asefi, Zaheeruddeen"]
[Black "Kozlov, Sergej A."]
[Result "1-0"]
[WhiteElo "1960"]
[BlackElo "2072"]
[Annotator ""]
[Source ""]
[Remark ""]

1.d4 e6 2.c4 f5 3.g3 Nf6 4.Bg2 Be7 5.Nh3 O-O 6.Nc3 d6 7.Qb3 Nc6
8.d5 Ne5 9.Nf4 exd5 10.cxd5 Rb8 11.Nb5 g5 12.Nh3 Ne4 13.Be3 a6
14.Nd4 Bd7 15.Rc1 Kg7 16.Qc2 c5 17.Ne6+ Bxe6 18.dxe6 Qa5+ 19.Kf1
Qxa2 20.f3 Nf6 21.Bxg5 Qxe6 22.Nf4 Qd7 23.h4 Ng6 24.Nd3 Nd5 25.Bd2
h5 26.Bh3 Qb5 27.Kg2 Ne5 28.Nf4 Nxf4+ 29.Bxf4 Nc6 30.Rhe1 Nd4
31.Qc3 Qb3 32.Qd2 Qe6 33.e4 Nb3 34.exf5 Qf7 35.Bh6+ Kg8 36.Rxe7
Qxe7 37.Bxf8 Rxf8 38.Qd5+ Qf7 39.Rd1 Nd4 40.Qxd6 Nxf5 41.Qxc5
Qb3 42.Bxf5 Qxd1 43.Be6+ Kg7 44.Qg5+ Kh7 45.Qxh5+ Kg7 46.Qg5+
Kh7 47.Qe7+ Kg6 48.h5+ Kxh5 49.Bg4+ Kg6 50.Qxf8 Qe2+ 51.Kh3 Qxb2
52.Qg8+ Kh6 53.Qe6+ Kg7 54.Qe7+ Kh8 55.Be6 1-0